Life in the fishbowl : (Record no. 4050)

MARC details
000 -LEADER
fixed length control field 00933pam a2200277 a 4500
001 - CONTROL NUMBER
control field 689654
003 - CONTROL NUMBER IDENTIFIER
control field GBCCL
005 - DATE AND TIME OF LATEST TRANSACTION
control field 20241126110509.0
008 - FIXED-LENGTH DATA ELEMENTS--GENERAL INFORMATION
fixed length control field 960307s1996 mou 000 0 eng
010 ## -
-- 96014458
020 ## - INTERNATIONAL STANDARD BOOK NUMBER
International Standard Book Number 0570048710 (pbk.)
040 ## - CATALOGING SOURCE
Original cataloging agency DLC
Transcribing agency DLC
Modifying agency DLC
043 ## -
-- n-us---
050 00 -
-- BV4403
-- .R64 1996
082 00 - DEWEY DECIMAL CLASSIFICATION NUMBER
Classification number 248.89
Edition information 20
Item number ROG
100 1# - MAIN ENTRY--PERSONAL NAME
Personal name Rogers, Tom,
Dates associated with a name 1952-
9 (RLIN) 465
245 10 - TITLE STATEMENT
Title Life in the fishbowl :
Remainder of title building up church workers /
Statement of responsibility, etc. Tom Rogers.
246 3# -
-- Life in the fish bowl
260 ## - PUBLICATION, DISTRIBUTION, ETC.
Place of publication, distribution, etc. St. Louis, MO :
Name of publisher, distributor, etc. Concordia,
Date of publication, distribution, etc. c1996.
300 ## - PHYSICAL DESCRIPTION
Extent 159 p. ;
Dimensions 21 cm.
610 20 - SUBJECT ADDED ENTRY--CORPORATE NAME
Corporate name or jurisdiction name as entry element Lutheran Church--Missouri Synod
General subdivision Membership.
9 (RLIN) 7801
650 #0 - SUBJECT ADDED ENTRY--TOPICAL TERM
Topical term or geographic name entry element Church work
General subdivision Lutheran Church--Missouri Synod.
9 (RLIN) 7802
906 ## - LOCAL DATA ELEMENT F, LDF (RLIN)
a 7
b cbc
c orignew
d 1
e ocip
f 19
g y-gencatlg
942 ## - ADDED ENTRY ELEMENTS (KOHA)
Source of classification or shelving scheme Dewey Decimal Classification
Koha item type Books
Koha issues (borrowed), all copies 1
Holdings
Withdrawn status Lost status Source of classification or shelving scheme Damaged status Not for loan Home library Current Library Shelving location Date acquired Total checkouts Full call number Barcode Date last seen Copy number Price effective from Koha item type Date last checked out
    Dewey Decimal Classification     GRACE BIBLE COLLEGE GRACE BIBLE COLLEGE Ministry & Mission 2018-01-10   248.89 ROG 011220 2025-05-01 c.1 2018-01-10 Books  
    Dewey Decimal Classification     GRACE BIBLE COLLEGE GRACE BIBLE COLLEGE Ministry & Mission 2018-01-10   248.89 ROG 011221 2025-05-01 c.2 2018-01-10 Books  
    Dewey Decimal Classification     GRACE BIBLE COLLEGE GRACE BIBLE COLLEGE Ministry & Mission 2018-01-10   248.89 ROG 011222 2025-05-01 c.3 2018-01-10 Books  
    Dewey Decimal Classification     GRACE BIBLE COLLEGE GRACE BIBLE COLLEGE Ministry & Mission 2018-01-10 1 248.89 ROG 011223 2025-05-01 c.4 2018-01-10 Books 2024-07-19
© Grace Bible College Library 2025